000 00429nam a2200145Ia 4500
008 210210b1999 xxu||||| |||| 00| 0 eng d
082 _a510.2465 KAVT
100 _aKAVITHA (M) & URS (Narendra Raje).
245 _aText book of business mathematics. I PUC.
260 _aMangalore.
_bUnited Publishers.,
_c1999
300 _a438
650 _aBusiness mathematics for I PUC
690 _aBusiness Mathematics
906 _a057223
999 _c104676
_d104676